[Event "61st World Juniors 2024"]
[Site "Gandhinagar IND"]
[Date "2024.06.10"]
[Round "8.46"]
[White "Borkhetariya Devarsh M"]
[Black "Oluka Robert Mcligeyo"]
[Result "1/2-1/2"]
[WhiteElo "1864"]
[BlackElo "2050"]
[WhiteFideId "25777033"]
[BlackFideId "10814647"]
[EventDate "2024.06.02"]

1. e4 e5 2. Nf3 Nc6 3. d4 exd4 4. Nxd4 Nf6 5. Nxc6 bxc6 6. e5 Qe7 7. Qe2 Nd5 8.
h4 Qe6 9. Nd2 a5 10. a3 d6 11. exd6 Bxd6 12. Nc4 Be7 13. Bg5 Bxg5 14. Qxe6+ Bxe6
15. hxg5 Nf4 16. g3 Bd5 17. Rh2 Ne6 18. f4 Bf3 19. Ne5 Nd4 20. Rd2 f6 21. gxf6
gxf6 22. Rxd4 fxe5 23. fxe5 Rd8 24. Rxd8+ Kxd8 25. Kf2 Rf8 26. Ke3 Bh5 27. Bd3
Rf3+ 28. Kd4 Bg6 29. Rg1 Kd7 30. Rg2 c5+ 31. Kxc5 Bxd3 32. Rd2 Rxg3 33. cxd3 Ke6
34. d4 Rg1 35. Kb5 Kd5 36. Kxa5 Re1 37. a4 h5 38. Kb5 h4 39. a5 Ra1 40. Re2 h3
41. e6 h2 42. Rxh2 Kxe6 43. Rh3 Ra2 44. Rb3 Kd5 45. a6 Kd6 46. Ra3 Rxb2+ 47. Ka5
Kc6 48. d5+ Kc5 49. Rc3+ Kxd5 50. Rxc7 Kd6 51. Rc4 Ra2+ 52. Kb6 Rb2+ 53. Ka7 Kd7
54. Ka8 Rb6 55. Ka7 Rb2 56. Rc8 Rb3 57. Rc5 Rb2 58. Rh5 Kc7 59. Rh7+ Kc8 60. Rb7
Ra2 61. Rb5 Kc7 62. Rc5+ Kd7 63. Kb7 Rb2+ 64. Ka8 Rb6 65. Ra5 Kc7 66. Ka7 Rb2
67. Ra1 Kc8 68. Ka8 Rb8+ 69. Ka7 Rb2 70. Rc1+ Kd7 71. Ka8 Rb6 72. Rd1+ Kc7 73.
Ka7 Rb2 74. Rc1+ 1/2-1/2

[Event "61st World Juniors 2024"]
[Site "Gandhinagar IND"]
[Date "2024.06.10"]
[Round "8.47"]
[White "Jares, Michal"]
[Black "Sharon, Rafael"]
[Result "1-0"]
[WhiteTitle "FM"]
[WhiteElo "2382"]
[BlackElo "2015"]
[WhiteFideId "386839"]
[BlackFideId "74601580"]
[EventDate "2024.06.02"]

1. c4 Nf6 2. Nf3 e6 3. g3 d5 4. Bg2 Bd6 5. d4 c6 6. O-O Nbd7 7. Nbd2 b6 8. Qc2
Bb7 9. e4 dxe4 10. Nxe4 Nxe4 11. Qxe4 Nf6 12. Qe2 Qc7 13. Bg5 Nd7 14. Nd2 h6 15.
Be3 O-O 16. Ne4 c5 17. d5 exd5 18. Nc3 Nf6 19. Rfd1 a6 20. Nxd5 Nxd5 21. Bxd5
Bxd5 22. Rxd5 Qe7 23. Rad1 Rad8 24. Qd2 Bc7 25. Rd7 Rxd7 26. Qxd7 Qxd7 27. Rxd7
Rc8 28. Kg2 Be5 29. b3 Rc6 30. f4 Bf6 31. Kf3 Kf8 32. f5 Ke8 33. Rb7 Bd8 34. Bf4
h5 35. Ke4 g6 36. Rb8 Kd7 37. Kd5 Rc8 38. Rxc8 Kxc8 39. fxg6 fxg6 40. Ke6 h4 41.
gxh4 Bxh4 42. Bg3 Bd8 43. h4 b5 44. Kf7 bxc4 45. bxc4 Kd7 46. Kxg6 Ke6 47. h5
Bf6 48. h6 Bd4 49. h7 Bc3 50. Bf4 1-0

[Event "61st World Juniors 2024"]
[Site "Gandhinagar IND"]
[Date "2024.06.10"]
[Round "8.48"]
[White "Vrashank, Chouhan"]
[Black "Ayushh, Ravikumar"]
[Result "1/2-1/2"]
[WhiteTitle "FM"]
[BlackTitle "FM"]
[WhiteElo "2209"]
[BlackElo "1950"]
[WhiteFideId "25944240"]
[BlackFideId "35039482"]
[EventDate "2024.06.02"]

1. d4 d5 2. Bf4 Nf6 3. e3 c5 4. Nf3 Nc6 5. Nbd2 Qb6 6. dxc5 Qxb2 7. Rb1 Qc3 8.
Bb5 g6 9. e4 dxe4 10. Be5 Qa5 11. O-O Bg7 12. Nc4 Qd8 13. Qxd8+ Kxd8 14. Rfd1+
Ke8 15. Nd4 Bd7 16. Bxc6 Bxc6 17. Nxc6 bxc6 18. Na5 e3 19. fxe3 Kf8 20. Nxc6 Ne4
21. Rb7 Bxe5 22. Nxe5 Nxc5 23. Nd7+ Nxd7 24. Rdxd7 Kg7 25. Rxe7 Rhf8 26. Kf2
Rac8 27. Rec7 a5 28. Ke2 a4 29. a3 Kf6 30. Rb6+ Ke5 31. Rbc6 Ra8 32. Re7+ Kf5
33. Rcc7 Kf6 34. e4 Ra5 35. Ra7 Rc5 36. Kd3 Rfc8 37. Rxf7+ Kg5 38. Rxa4 Rc3+ 39.
Kd4 Rxc2 40. Ra5+ Kh6 41. g4 Rd2+ 42. Ke3 Rcd8 43. Re7 R8d3+ 44. Kf4 Rf2+ 45.
Ke5 Rxh2 46. Ke6 Rg2 47. Raa7 Rxg4 48. Rxh7+ Kg5 49. e5 Rc4 50. Ke7 Re3 51. e6
Rc6 52. Ra5+ 1/2-1/2

[Event "61st World Juniors 2024"]
[Site "Gandhinagar IND"]
[Date "2024.06.10"]
[Round "8.49"]
[White "Nainys, Zanas"]
[Black "Vihaan Karthikeya N"]
[Result "1-0"]
[WhiteElo "2153"]
[BlackElo "1936"]
[WhiteFideId "12844098"]
[BlackFideId "25950673"]
[EventDate "2024.06.02"]

1. d4 d5 2. c4 e6 3. Nf3 c5 4. cxd5 exd5 5. Nc3 Nc6 6. dxc5 d4 7. Na4 Bxc5 8.
Nxc5 Qa5+ 9. Bd2 Qxc5 10. Rc1 Qb6 11. e3 Nf6 12. Bc4 dxe3 13. Bxe3 Qb4+ 14. Bd2
Qe7+ 15. Be2 O-O 16. O-O Bg4 17. h3 Bh5 18. Re1 Rad8 19. Qa4 Qd7 20. Bg5 Bxf3
21. Bxf3 Nd4 22. Qa3 Qf5 23. Bxf6 Qxf6 24. Bxb7 Rb8 25. Qxa7 Ne6 26. Qa6 Qxb2
27. Rb1 Qc3 28. Qc6 Qa5 29. Qd5 Qa7 30. Bc6 Rbd8 31. Rb7 Qa6 32. Rd7 Rxd7 33.
Bxd7 Nf4 34. Qd2 Qh6 35. Qe3 Qd6 36. Bg4 Ng6 37. Bf3 Nh4 38. Bg4 Qd5 39. Qg3 Ng6
40. Qb3 Qa5 41. Re4 Kh8 42. Bd7 f5 43. Rb4 Qc5 44. Qc4 Qd6 45. Qd4 Qc7 46. Rc4
Qb7 47. Be6 f4 48. Bd5 Qb1+ 49. Kh2 Qb8 50. Be4 f3+ 51. g3 Ne5 52. Rc5 Re8 53.
a4 Nf7 54. Bxf3 h6 55. h4 Rf8 56. a5 Nd6 57. Kg2 Nf5 58. Qg4 Nd6 59. a6 Qa7 60.
Rc6 Nf5 61. Qh5 Nd4 62. Rxh6+ gxh6 63. Qxh6+ Kg8 64. Bd5+ Rf7 65. Qg6+ Kh8 66.
Qxf7 Qb8 67. a7 Qxa7 68. Qxa7 Ne6 69. Qa1+ Kh7 70. Bxe6 1-0

[Event "61st World Juniors 2024"]
[Site "Gandhinagar IND"]
[Date "2024.06.10"]
[Round "8.50"]
[White "Jval Saurin Patel"]
[Black "Mrinmoy Rajkhowa"]
[Result "0-1"]
[WhiteElo "2085"]
[BlackElo "1942"]
[WhiteFideId "25968343"]
[BlackFideId "25603426"]
[EventDate "2024.06.02"]

1. d4 Nf6 2. c4 g6 3. Nc3 Bg7 4. e4 d6 5. f4 c5 6. d5 O-O 7. Nf3 e6 8. Be2 exd5
9. cxd5 Nbd7 10. O-O Re8 11. Qc2 a6 12. a4 Qc7 13. Kh1 c4 14. Be3 Nc5 15. Nd2
Ncxe4 16. Ndxe4 Nxe4 17. Nxe4 Bf5 18. Bf3 Qe7 19. Qxc4 Rac8 20. Qb3 Bxe4 21.
Rae1 Bxf3 22. Rxf3 Bd4 23. h3 Qd7 24. Kh2 Re4 25. Bf2 Rxe1 26. Bxe1 Rc1 27. Qb4
Rd1 28. Bc3 Bxc3 29. Qb3 Rd4 30. Qxc3 Rxd5 31. Qc4 Rc5 32. Qd4 Rc8 33. Re3 d5
34. b3 Qd6 35. Re5 Rd8 36. Kh1 Qc6 37. f5 b6 38. Re7 Qc1+ 39. Kh2 Qc5 40. Qxc5
bxc5 41. fxg6 hxg6 42. Rc7 d4 43. Rxc5 d3 44. Rc1 d2 45. Rd1 a5 46. Kg1 Rd3 47.
Kf2 Kg7 48. Ke2 Rxb3 49. Rxd2 Rb4 50. Rd6 Rxa4 51. Ra6 Kh6 52. Kf3 Ra3+ 53. Kf4
Ra4+ 54. Kf3 Kg5 55. g3 Ra3+ 56. Kg2 Kf5 57. Ra7 f6 58. Rb7 Kg5 59. Rb6 Re3 60.
Ra6 Re5 61. Kf3 f5 62. h4+ Kh6 63. Ra7 Rb5 64. Kg2 Rb2+ 65. Kf3 Rb3+ 66. Kg2 Ra3
67. Kf2 Kh5 68. Ra6 a4 69. Kg2 g5 70. hxg5 Kxg5 71. Ra8 Ra1 72. Ra6 a3 73. Kh2
f4 74. Kg2 Kg4 75. gxf4 Kxf4 76. Rf6+ Ke3 77. Rf3+ Ke4 78. Rf6 Kd4 79. Rf4+ Ke3
80. Rf3+ Ke4 81. Rf6 Rb1 82. Ra6 Rb2+ 83. Kg3 a2 84. Ra3 Kd4 85. Kf3 Kc4 86. Ra8
Kd3 87. Ra7 Kc2 0-1

[Event "61st World Juniors 2024"]
[Site "Gandhinagar IND"]
[Date "2024.06.10"]
[Round "8.51"]
[White "Piyush, Kumar"]
[Black "Matsumura, Cocoro"]
[Result "0-1"]
[WhiteElo "1795"]
[BlackElo "2032"]
[WhiteFideId "25674927"]
[BlackFideId "36087114"]
[EventDate "2024.06.02"]

1. e4 c5 2. Nf3 d6 3. d4 cxd4 4. Nxd4 Nf6 5. Nc3 a6 6. Rg1 e5 7. Nb3 h5 8. h3
Be6 9. Be3 Nbd7 10. Qd2 b5 11. a3 Rc8 12. f4 Qc7 13. O-O-O Bxb3 14. Kb1 0-1

[Event "61st World Juniors 2024"]
[Site "Gandhinagar IND"]
[Date "2024.06.10"]
[Round "8.52"]
[White "Eugen Mehul Shah"]
[Black "Radojicic, Aleksandar M"]
[Result "0-1"]
[WhiteElo "1744"]
[BlackElo "2088"]
[WhiteFideId "33444552"]
[BlackFideId "979694"]
[EventDate "2024.06.02"]

1. d4 Nf6 2. c4 c5 3. Nf3 cxd4 4. Nxd4 e5 5. Nb5 d5 6. cxd5 Bc5 7. N5c3 O-O 8.
g3 Qb6 9. e3 e4 10. Bg2 Bf5 11. a3 Re8 12. O-O Nbd7 13. Nd2 Rac8 14. h3 h6 15.
Na4 Qc7 16. b4 Bd6 17. Bb2 Ne5 18. Rc1 Qd7 19. g4 Rxc1 20. Bxc1 Bg6 21. Nc3 Nd3
22. Ndxe4 Nxe4 23. Qxd3 Ng3 24. Qb5 Qxb5 25. Nxb5 Bb8 26. Re1 Ne4 27. Bb2 a6 28.
Nc3 Nd6 29. Bf1 f5 30. gxf5 Bxf5 31. f3 Ba7 32. Kf2 Bd7 33. Nd1 Ba4 34. Nc3 Bb3
35. Bd3 Nf7 36. f4 Rd8 37. Rg1 Kf8 38. Be4 Re8 39. Re1 Nd6 0-1

[Event "61st World Juniors 2024"]
[Site "Gandhinagar IND"]
[Date "2024.06.10"]
[Round "8.53"]
[White "Apoorv Kamble"]
[Black "Katta, Sriansh"]
[Result "1-0"]
[WhiteTitle "FM"]
[WhiteElo "2369"]
[BlackElo "1753"]
[WhiteFideId "25683012"]
[BlackFideId "30981034"]
[EventDate "2024.06.02"]

1. e4 c5 2. Nf3 Nc6 3. d4 cxd4 4. Nxd4 e5 5. Nb5 d6 6. N1c3 a6 7. Na3 Be7 8. Be3
Nf6 9. Nc4 Be6 10. Nd5 Bxd5 11. exd5 Nd4 12. Bxd4 exd4 13. Qxd4 b5 14. Ne3 O-O
15. a4 Nd7 16. axb5 axb5 17. Rb1 Bf6 18. Qb4 Nc5 19. Bxb5 Qb6 20. Qc4 Rfc8 21.
Bc6 Rab8 22. O-O Nd7 23. Ng4 h5 24. Qe2 hxg4 25. Bxd7 Rc5 26. c4 Qb4 27. Bb5 Rc7
28. b3 Re7 29. Qxg4 Ra8 30. Ba4 g6 31. Rbc1 Kg7 32. g3 Rh8 33. Rc2 Rh5 34. f4
Bd4+ 35. Kg2 Re1 36. Qf3 Re3 37. Qd1 Qb6 38. Rd2 Bc5 39. Re2 Qd8 40. Qa1+ Kh7
41. Rxe3 Bxe3 42. Re1 Qb6 43. Qf6 Qa7 44. Re2 Rf5 45. Qxd6 Qd4 46. Qe7 Bxf4 47.
Bd7 Rf6 48. gxf4 Qxf4 49. Qe3 Qf1+ 50. Kg3 1-0

[Event "61st World Juniors 2024"]
[Site "Gandhinagar IND"]
[Date "2024.06.10"]
[Round "8.54"]
[White "Vedant Garg"]
[Black "Insara, S D Nadev"]
[Result "1-0"]
[WhiteElo "1811"]
[BlackElo "1874"]
[WhiteFideId "33422362"]
[BlackFideId "29932050"]
[EventDate "2024.06.02"]

1. e4 c5 2. Nc3 Nc6 3. Bb5 Nd4 4. Nf3 a6 5. Bd3 g6 6. Rb1 Bg7 7. b4 cxb4 8. Rxb4
Nc6 9. Rb1 b5 10. O-O d6 11. a4 bxa4 12. Nxa4 Bd7 13. Bb2 Nf6 14. Nb6 Ra7 15.
Nxd7 Qxd7 16. Qe2 O-O 17. Bxf6 Bxf6 18. Bxa6 Rfa8 19. Bb5 Qc8 20. c3 Ne5 21. Nd4
Nd7 22. Nc6 Rc7 23. Nb4 e6 24. Bxd7 Qxd7 25. Qd3 Rca7 26. f4 Qc7 27. f5 Kg7 28.
Qf3 Bg5 29. Rbd1 Ra3 30. Qg4 Bxd2 31. Rxd2 Qxc3 32. Rdf2 Qxb4 33. fxg6 fxg6 34.
Rf7+ Kh8 35. Rxh7+ Kxh7 36. Rf7+ Kh8 37. Qh4+ 1-0

[Event "61st World Juniors 2024"]
[Site "Gandhinagar IND"]
[Date "2024.06.10"]
[Round "8.55"]
[White "BRUGETTE, Romain"]
[Black "Sharnarthi Shlok"]
[Result "0-1"]
[WhiteElo "1655"]
[BlackElo "1838"]
[WhiteFideId "9700676"]
[BlackFideId "25977776"]
[EventDate "2024.06.02"]

1. d4 Nf6 2. c4 g6 3. Nc3 Bg7 4. e4 d6 5. f3 O-O 6. Be3 Nbd7 7. Qd2 e5 8. Nge2
Re8 9. d5 Nf8 10. O-O-O a6 11. Kb1 Bd7 12. Nc1 Nh5 13. g4 Nf4 14. h4 b5 15. cxb5
axb5 16. Bxb5 Qb8 17. Bc4 Qb7 18. Rdg1 Reb8 19. h5 g5 20. h6 Bf6 21. Rh2 N8g6
22. Bf2 Qb4 23. Bb3 Ne7 24. Be3 Qb7 25. N1e2 Neg6 26. Bf2 Bb5 27. Nxb5 Qxb5 28.
Nc3 Qa6 29. Rc1 Nd3 30. Rd1 Ngf4 31. Qc2 Nb4 32. Qc1 Ne2 33. Nxe2 Qxe2 34. Qe3
Qb5 35. Qc3 Nxa2 36. Bxa2 Qa4 37. Rhh1 Qxa2+ 38. Kc2 Qa4+ 39. Kd2 Qb5 40. Rb1
Bd8 41. Qc6 Qxc6 42. dxc6 Rb3 43. Rh3 Ra6 44. Kc2 Rb8 45. b3 Rxc6+ 46. Kd3 Ra6
47. Rhh1 Ra3 48. Kc4 f6 49. Rb2 Kf7 50. Be1 Ra1 51. Re2 Rc1+ 0-1

[Event "61st World Juniors 2024"]
[Site "Gandhinagar IND"]
[Date "2024.06.10"]
[Round "8.56"]
[White "Alhejab, Meshal"]
[Black "Boricha Yohan"]
[Result "0-1"]
[WhiteElo "1837"]
[BlackElo "1811"]
[WhiteFideId "10302603"]
[BlackFideId "46672923"]
[EventDate "2024.06.02"]

1. e4 c5 2. Nf3 g6 3. c4 Nc6 4. d4 cxd4 5. Nxd4 Nf6 6. Nc3 Nxd4 7. Qxd4 d6 8.
Bg5 Bg7 9. Be2 O-O 10. Qd2 Qa5 11. O-O Be6 12. Rad1 Rfc8 13. b3 Qd8 14. Kh1 Nd7
15. f4 Nc5 16. Bf3 Bxc3 17. Qxc3 f6 18. Bh6 Qe8 19. f5 Bf7 20. Be3 Rab8 21. Qb2
b5 22. cxb5 Qxb5 23. fxg6 hxg6 24. Be2 Qa5 25. Rd4 Qd8 26. h3 e5 27. Rdd1 Nxe4
28. Kh2 Nc3 29. Rc1 Nxe2 30. Qxe2 a5 31. Rxc8 Rxc8 32. Qf2 f5 33. Bb6 Qd7 34.
Bxa5 d5 35. Re1 Re8 36. Qc5 f4 37. Bc3 Qf5 38. Qd6 d4 39. Bb4 d3 40. Rd1 e4 41.
Bc3 Kh7 42. Qd4 Rg8 43. Qe5 Qxe5 44. Bxe5 g5 45. g3 fxg3+ 46. Bxg3 Rc8 47. Bf2
Rc2 48. Kg3 Bh5 0-1

[Event "61st World Juniors 2024"]
[Site "Gandhinagar IND"]
[Date "2024.06.10"]
[Round "8.57"]
[White "Makwana, Devam"]
[Black "Dhami, Dipak"]
[Result "1-0"]
[WhiteElo "1820"]
[BlackElo "1702"]
[WhiteFideId "25632566"]
[BlackFideId "12325899"]
[EventDate "2024.06.02"]

1. e4 d6 2. d4 Nf6 3. Nc3 Nbd7 4. Be3 e5 5. f3 c6 6. Qd2 Be7 7. O-O-O Qc7 8. g4
b5 9. h4 a5 10. Nge2 Nb6 11. Ng3 Be6 12. d5 cxd5 13. Bxb5+ Kf8 14. Bxb6 Qxb6 15.
exd5 Bd7 16. a4 Bxb5 17. Nxb5 Nd7 18. Nf5 h6 19. f4 g6 20. Nxe7 Kxe7 21. fxe5
Nxe5 22. Rhf1 Nxg4 23. Qf4 Ne5 24. Rde1 Kd7 25. Rxe5 dxe5 26. Qxf7+ Kc8 27. Kb1
Rd8 28. Rf6 Qb7 29. Rc6+ Kb8 30. Qe6 Qd7 31. Qxe5+ 1-0

[Event "61st World Juniors 2024"]
[Site "Gandhinagar IND"]
[Date "2024.06.10"]
[Round "8.58"]
[White "Mankga, Thabang"]
[Black "Bedi, Vaibhav"]
[Result "1-0"]
[WhiteElo "1817"]
[BlackElo "1706"]
[WhiteFideId "14334798"]
[BlackFideId "7501900"]
[EventDate "2024.06.02"]

1. d4 Nf6 2. Bf4 e6 3. e3 c5 4. c3 Nc6 5. Nf3 Be7 6. Nbd2 Nh5 7. Bg3 Nxg3 8.
hxg3 d5 9. Bd3 Qb6 10. b3 Bd7 11. Qe2 f5 12. Bb5 a6 13. Bxc6 bxc6 14. Ne5 h5 15.
Rxh5 Rxh5 16. Qxh5+ Kd8 17. Qh8+ Be8 18. Qxg7 Qa5 19. Rc1 Qxa2 20. Qg8 Rc8 21.
Qxe6 cxd4 22. exd4 Rc7 23. Ke2 Bg5 24. f4 Bh5+ 25. Kd3 Be7 26. Rh1 Be8 27. Rh8
Rc8 1-0

[Event "61st World Juniors 2024"]
[Site "Gandhinagar IND"]
[Date "2024.06.10"]
[Round "8.59"]
[White "De Maupeou D'ableiges, Alexandre"]
[Black "Dhairya Amit Shroff"]
[Result "1-0"]
[WhiteElo "1831"]
[BlackElo "1459"]
[WhiteFideId "4313585"]
[BlackFideId "33402094"]
[EventDate "2024.06.02"]

1. e4 e6 2. d4 d5 3. Ne2 dxe4 4. Nbc3 Nf6 5. g3 b6 6. Bg2 Bb7 7. Bg5 Bb4 8. O-O
Be7 9. Bxf6 gxf6 10. Nxe4 Nc6 11. c3 Qd7 12. Nd2 h5 13. h4 O-O-O 14. Qc2 Rdg8
15. b4 Ba6 16. Rfe1 f5 17. Nf3 Bd6 18. a4 Bb7 19. a5 Nxa5 20. Ne5 Bxe5 21. Bxb7+
Kxb7 22. dxe5 Nc4 23. Nd4 Qe7 24. Qe2 Na5 25. Qf3+ Kb8 26. Kf1 Qc5 27. Qe3 Kc8
28. Nc6 Qxe3 29. Rxe3 Nxc6 1-0

[Event "61st World Juniors 2024"]
[Site "Gandhinagar IND"]
[Date "2024.06.11"]
[Round "9.1"]
[White "Nogerbek, Kazybek"]
[Black "Makarian, Rudik"]
[Result "1/2-1/2"]
[WhiteTitle "IM"]
[BlackTitle "IM"]
[WhiteElo "2502"]
[BlackElo "2524"]
[WhiteFideId "13710427"]
[BlackFideId "44105681"]
[EventDate "2024.06.02"]

1. d4 Nf6 2. c4 e6 3. Bf4 d5 4. cxd5 exd5 5. e3 Bd6 6. Bxd6 Qxd6 7. Bd3 O-O 8.
h3 b6 9. Nc3 c5 10. Nge2 Nc6 11. O-O Bb7 12. b3 Nb4 13. Bb1 Rad8 14. a3 Nc6 15.
Qd2 Rfe8 16. Rd1 Qe7 17. Qb2 g6 18. Bc2 Nh5 19. Bd3 a6 20. Rac1 Qg5 21. Qd2 Bc8
22. e4 Qxd2 23. Rxd2 dxe4 24. Bxe4 Nxd4 25. Nxd4 Rxd4 26. Rcd1 Rxd2 27. Rxd2 Nf6
28. Bf3 Kg7 29. Rd6 Re6 30. Rd8 Re1+ 31. Kh2 Be6 32. Rd6 Rc1 33. Ne2 Ra1 34.
Rxb6 Rxa3 35. b4 cxb4 36. Rxb4 a5 37. Rb6 Rb3 38. Rc6 Bd7 39. Rc7 a4 40. Nc3 Rb2
41. Ra7 Rxf2 42. Ra6 h5 43. Nxa4 h4 44. Nc3 Rc2 45. Ne4 Nxe4 46. Bxe4 Rd2 47.
Bf3 Be6 48. Ra4 g5 49. Ra7 Rc2 50. Ra5 Kf6 51. Kg1 Rd2 52. Kh2 Kg6 53. Ra6 Kg7
54. Kg1 Rb2 55. Kh2 Rb1 56. Ra5 f5 57. Bd5 Bc8 58. Rc5 Rb8 59. Bf3 Be6 60. Bd5
Bc8 61. Bf3 Kf6 62. Rc6+ Ke5 63. Rg6 Be6 1/2-1/2

[Event "61st World Juniors 2024"]
[Site "Gandhinagar IND"]
[Date "2024.06.11"]
[Round "9.2"]
[White "Gharibyan, Mamikon"]
[Black "Cardoso Cardoso, Jose Gabriel"]
[Result "1/2-1/2"]
[WhiteTitle "GM"]
[BlackTitle "GM"]
[WhiteElo "2492"]
[BlackElo "2497"]
[WhiteFideId "13308300"]
[BlackFideId "4430492"]
[EventDate "2024.06.02"]

1. d4 Nf6 2. Nf3 d5 3. Bf4 c5 4. e3 Nc6 5. Nbd2 Bg4 6. c3 e6 7. Qa4 Bxf3 8. Nxf3
a6 9. Ne5 Rc8 10. Be2 Nd7 11. O-O Ndxe5 12. Bxe5 Qd7 13. Bg3 h5 14. h3 h4 15.
Bh2 cxd4 16. cxd4 Bd6 17. Bxd6 Qxd6 18. Rac1 O-O 19. Rc3 Ne7 20. Rfc1 Rxc3 21.
Rxc3 Nc6 22. Qb3 Na5 23. Qd1 g6 24. Bd3 Kg7 25. a3 Rb8 26. Qg4 Rh8 27. Qd1 Rb8
28. Qg4 Rh8 1/2-1/2

[Event "61st World Juniors 2024"]
[Site "Gandhinagar IND"]
[Date "2024.06.11"]
[Round "9.3"]
[White "Quizon, Daniel"]
[Black "Stribuk, Artiom"]
[Result "1-0"]
[WhiteTitle "IM"]
[BlackTitle "IM"]
[WhiteElo "2448"]
[BlackElo "2422"]
[WhiteFideId "5217911"]
[BlackFideId "13515659"]
[EventDate "2024.06.02"]

1. e4 c5 2. Nc3 Nc6 3. Nge2 d6 4. d4 cxd4 5. Nxd4 Nf6 6. Bg5 e6 7. Qd2 a6 8.
O-O-O Be7 9. f4 Bd7 10. Nf3 b5 11. e5 b4 12. exf6 bxc3 13. Qxc3 gxf6 14. Bh4 Rg8
15. Kb1 Rb8 16. Bd3 d5 17. a3 a5 18. Rhe1 a4 19. Bf1 Qa5 20. Re3 Qxc3 21. Rxc3
f5 22. Bxe7 Kxe7 23. Re3 Rb7 24. Rxd5 Rgb8 25. Kc1 Rxb2 26. Bc4 Rb1+ 27. Kd2 Ra1
28. Rxf5 Rbb1 29. Be2 Ra2 30. Rc5 Rb3 31. Rcc3 Na5 32. Ne5 Be8 33. Rc5 Rxe3 34.
Kxe3 Rxa3+ 35. Bd3 f6 36. Rxa5 fxe5 37. fxe5 Bg6 38. Ra7+ Kf8 39. Kd4 Ra2 40.
Kc5 Bxd3 41. cxd3 Rxg2 42. Rxh7 Rd2 43. d4 a3 44. h3 Rd3 45. h4 Rc3+ 46. Kb4 Rh3
47. Ra7 Rxh4 48. Kc5 Rh3 49. d5 exd5 50. e6 d4 51. Kd6 Re3 52. Rf7+ Kg8 53. Rf2
d3 54. e7 Re4 55. Kd7 Rd4+ 56. Ke6 Re4+ 57. Kf6 Re3 58. Rg2+ Kh7 59. Kf7 Rf3+
60. Ke6 Re3+ 61. Kd7 a2 62. Rxa2 Kg6 63. Rf2 1-0

[Event "61st World Juniors 2024"]
[Site "Gandhinagar IND"]
[Date "2024.06.11"]
[Round "9.4"]
[White "Pranav, Anand"]
[Black "Grebnev, Aleksey"]
[Result "1/2-1/2"]
[WhiteTitle "GM"]
[BlackTitle "GM"]
[WhiteElo "2540"]
[BlackElo "2540"]
[WhiteFideId "46626786"]
[BlackFideId "34189030"]
[EventDate "2024.06.02"]

1. e4 c5 2. Nf3 e6 3. d4 cxd4 4. Nxd4 Nc6 5. Nc3 Qc7 6. Be3 a6 7. g4 Nxd4 8.
Qxd4 b5 9. O-O-O Bb7 10. f3 Rc8 11. Qd2 Bb4 12. Bd4 f6 13. g5 h6 14. gxh6 Nxh6
15. a3 Bxa3 16. bxa3 e5 17. Nxb5 axb5 18. Bb2 d5 19. Bxb5+ Kf8 20. Qb4+ Kg8 21.
Qb3 Nf7 22. h4 d4 23. Bd3 Bc6 24. Rh2 Rb8 25. Qa2 Ba4 26. Qc4 Qb6 27. Qxa4 Qxb2+
28. Kd2 Rh7 29. Rhh1 Rh6 30. Ke2 Qc3 31. Rdg1 Kh7 32. Rg4 Rb2 33. Rc1 g6 34. Qd7
Kg7 35. a4 Ra2 36. f4 exf4 37. e5 fxe5 38. Qe6 Rb2 39. Rxg6+ Rxg6 40. Qxg6+ Kf8
41. Qe4 Qc8 42. Rg1 Rb6 43. Qg2 Ke7 44. a5 Rf6 45. Qf3 e4 46. Bxe4 Qa6+ 47. Bd3
Re6+ 48. Kd1 Qxa5 49. Qxf4 Qa1+ 50. Qc1 Qxc1+ 51. Kxc1 Ne5 52. h5 Rh6 53. Be2 d3
54. cxd3 Nxd3+ 55. Bxd3 Rxh5 56. Kd2 Kd6 57. Kc3 Kc5 58. Ra1 Rh4 59. Ra5+ Kb6
60. Rg5 Kc6 61. Bc4 Kd6 62. Rd5+ Kc6 63. Kb4 Rh1 64. Rd2 Rb1+ 65. Bb3 Kc7 66.
Kc4 Rc1+ 67. Kb5 Rb1 68. Rd3 Rh1 69. Kc5 Rc1+ 70. Bc4 Re1 71. Ra3 Re5+ 72. Bd5
Re7 73. Ra7+ Kd8 74. Ra8+ Kc7 75. Rg8 Rh7 76. Kd4 Kd6 77. Rg6+ Kc7 78. Kc5 Re7
79. Be6 Kd8 80. Kd6 Rd7+ 81. Ke5 Rh7 82. Rg8+ Kc7 83. Rc8+ Kb6 84. Kd6 Rh6 85.
Rb8+ Ka5 86. Kd5 Rg6 87. Rb1 Ka6 88. Bd7 Rb6 89. Ra1+ Kb7 90. Kc5 Rg6 91. Be8
Re6 92. Bd7 Rg6 93. Rf1 Rg7 94. Kd6 Rg6+ 95. Be6 Kb6 96. Rb1+ Ka6 97. Kd5 Rh6
98. Bg4 Rb6 99. Ra1+ Kb7 100. Bf3 Rb5+ 101. Kd6+ Kb6 102. Ra8 Rb4 103. Bc6 Rd4+
104. Bd5 Rb4 105. Rh8 Rb5 106. Bc4 1/2-1/2

[Event "61st World Juniors 2024"]
[Site "Gandhinagar IND"]
[Date "2024.06.11"]
[Round "9.5"]
[White "Ohanyan, Emin"]
[Black "Mayank, Chakraborty"]
[Result "1-0"]
[WhiteTitle "GM"]
[BlackTitle "IM"]
[WhiteElo "2501"]
[BlackElo "2425"]
[WhiteFideId "13312022"]
[BlackFideId "25659766"]
[EventDate "2024.06.02"]

1. d4 Nf6 2. c4 e6 3. Nc3 Bb4 4. Nf3 O-O 5. Bg5 d5 6. e3 h6 7. Bh4 c5 8. cxd5
exd5 9. dxc5 Be6 10. Rc1 Nbd7 11. a3 Bxc5 12. Bd3 a6 13. O-O Be7 14. Bb1 Rc8 15.
Nd4 Re8 16. Nxe6 fxe6 17. e4 dxe4 18. Nxe4 Rxc1 19. Qxc1 Nxe4 20. Bxe7 Qxe7 21.
Bxe4 Nf6 22. Bb1 e5 23. Bg6 Rd8 24. h3 Kh8 25. Re1 Nd5 26. Bb1 Qc7 27. Be4 Qb6
28. Rd1 Nf4 29. Rxd8+ Qxd8 30. Qc5 Qb8 31. Qb6 Qf8 32. Qxb7 Ne2+ 33. Kh1 Qd8 34.
Kh2 Qf8 35. Qa8 Qxa8 36. Bxa8 a5 37. Bd5 Nd4 38. b4 axb4 39. axb4 g6 40. Bc4 Kg7
41. b5 Kf6 42. b6 Ke7 43. b7 Nc6 44. Bd5 Nb8 45. Be4 Kf6 46. Kg3 Kg7 47. Kf3 Kf6
48. Bd3 Nd7 49. Bb5 Nb8 50. Ke4 Ke6 51. h4 g5 52. hxg5 hxg5 53. g4 1-0

[Event "61st World Juniors 2024"]
[Site "Gandhinagar IND"]
[Date "2024.06.11"]
[Round "9.6"]
[White "Budisavljevic, Luka"]
[Black "Avila Pavas, Santiago"]
[Result "1-0"]
[WhiteTitle "GM"]
[BlackTitle "GM"]
[WhiteElo "2468"]
[BlackElo "2495"]
[WhiteFideId "960047"]
[BlackFideId "4437128"]
[EventDate "2024.06.02"]

1. e4 c5 2. Nf3 g6 3. c4 Nc6 4. d4 cxd4 5. Nxd4 Bg7 6. Be3 Nf6 7. Nc3 O-O 8. Be2
d6 9. O-O Bd7 10. Qd2 Nxd4 11. Bxd4 Bc6 12. f3 a5 13. b3 Nd7 14. Be3 Nc5 15.
Rac1 Be5 16. Nb5 e6 17. h3 Qh4 18. Bf2 Bg3 19. Qxd6 Bxf2+ 20. Rxf2 Qh6 21. Rd1
Na6 22. Qd2 Qxd2 23. Rxd2 Bxb5 24. cxb5 Nc5 25. Rf1 Rfd8 26. Rfd1 Rxd2 27. Rxd2
Kf8 28. e5 Ke7 29. Kf2 Rd8 30. Rxd8 Kxd8 31. Ke3 Kc7 32. Kd4 b6 33. f4 Kd8 34.
Bf3 Kd7 35. Kc4 Kd8 36. g3 Ke7 37. Bc6 Kd8 38. Bg2 Ke7 39. Bf3 Kd8 40. Bc6 Ke7
41. a4 Kd8 42. b4 axb4 43. Kxb4 Nd3+ 44. Kc4 Nb2+ 45. Kb3 Nd3 46. a5 bxa5 47.
Ka4 h6 48. Kxa5 Kc7 49. h4 g5 50. fxg5 hxg5 51. h5 Nxe5 52. Be8 Ng4 53. Bxf7 e5
54. Ka6 Kb8 55. Bd5 Nh6 56. Be4 Ng8 57. Kb6 1-0